Ben Jonson (a concise bibliography) /

Bibliographic Details
Main Author: Tannenbaum, Samuel A. (Samuel Aaron), 1874?-1948
Other Authors: Tannenbaum, Dorothy Rosenzweig
Format: Book
Language:English
Published: New York : Scholars' facsimiles and reprints, 1938.
Series:Tannenbaum, Samuel Aaron, 1874?-1948. Elizabethan bibliographies ; no. 2.
Subjects:

MARC

Tag First Indicator Second Indicator Subfields
LEADER 00000cam a2200000 4500
001 in00000036640
005 20151007062149.0
008 750520r1938 nyu b 00010 engmu
010 |a  39017437  
035 |a (OCoLC)01346822 
035 |9 AAD4112AM 
040 |c SNN  |d TXA  |d UtOrBLW 
049 |a TXAM  |c [170807] 
050 0 0 |a Z8456.6  |b .T17 
090 |a PR2638  |b .T36 1938 
092 |a 822  |b J81Yt 
100 1 |a Tannenbaum, Samuel A.  |q (Samuel Aaron),  |d 1874?-1948. 
245 1 0 |a Ben Jonson (a concise bibliography) /  |c by Samuel A. Tannenbaum. 
264 1 |a New York :  |b Scholars' facsimiles and reprints,  |c 1938. 
300 |a viii, 151 pages ;  |c 25 cm. 
336 |a text  |b txt  |2 rdacontent 
337 |a unmediated  |b n  |2 rdamedia 
338 |a volume  |b nc  |2 rdacarrier 
490 1 |a His Elizabethan bibliographies. no. 2 
500 |a Scholars' facsimiles and reprints. 
500 |a "Edition limited to 300 copies." 
600 1 0 |a Jonson, Ben,  |d 1573?-1637  |x Bibliography. 
700 1 |a Tannenbaum, Dorothy Rosenzweig. 
800 1 |a Tannenbaum, Samuel Aaron,  |d 1874?-1948.  |t Elizabethan bibliographies ;  |v no. 2. 
999 |a MARS 
999 f f |s 9fb1cc82-af03-38ae-8411-b097dade5cd6  |i 394ac8d4-729f-3647-8c18-8d12e8da14fe  |t 0 
952 f f |p ric  |a Texas A&M University  |b Rellis Campus  |c Joint Library Facility  |d Remote Storage  |t 0  |e PR2638 .T36 1938  |h Library of Congress classification  |i unmediated -- volume  |m A14801297801 
998 f f |a PR2638 .T36 1938  |t 0  |l Remote Storage